| 000 | 00404nam a22001697a 4500 | ||
|---|---|---|---|
| 003 | OSt | ||
| 005 | 20211203094040.0 | ||
| 008 | 211203b |||||||| |||| 00| 0 eng d | ||
| 020 | _a0130118516 | ||
| 040 | _cH U | ||
| 082 | _a395 | ||
| 100 |
_aWALKER R.JOHN _921618 |
||
| 245 | _aSTUDY GUIDI JENNIFER ADAMS ALDRICH | ||
| 260 |
_aAMERICA _bPRENTICI HALL _c1999 |
||
| 300 | _a114 | ||
| 942 |
_2ddc _cBOOKS _n0 |
||
| 999 |
_c21275 _d21275 |
||